Statistiques concernant Langues ayant le plus locuteurs

Cliquez ici pour prendre le quiz!

Statistiques générales

  • Ce quiz a été pris 8,215 fois
  • Le résultat moyen est 14 sur 31

Statistiques - réponses

locateurs langue % Correct
75 MFrançais
99%
360 MAnglais
99%
405 MEspagnol
99%
955 MMandarin
92%
215 MPortugais
91%
295 MArabe
90%
89 MAllemand
90%
155 MRusse
87%
59 MItalien
83%
125 MJaponais
81%
310 MHindi
54%
76 MCoréen
49%
40 MPolonais
46%
63 MTurc
43%
77 MMalais / Indonésien
43%
59 MCantonais
41%
56 MThaï
40%
76 MVietnamien
35%
205 MBengali
25%
70 MTamoul
22%
45 MPersan
18%
66 MOurdou
13%
82 MJavanais
12%
102 MPendjabi
7%
80 MWu
7%
39 MPachto
6%
49 MGujarati
4%
73 MMarathi
4%
76 MTélougou
4%
48 MJin
3%
47 MMinnan
2%

Distribution des résultats

Percentile by Number Answered

% des personnes avec chaque résultat

Votre développement - résultats

Vous n’avez pas pris ce quiz